| Tag |
First Indicator |
Second Indicator |
Subfields |
| LEADER |
00000cam a22000008a 4500 |
| 001 |
in00000011653 |
| 005 |
20151007051652.0 |
| 008 |
861113s1988 nyu b 00100 eng |
| 010 |
|
|
|a 86028991
|
| 020 |
|
|
|a 0471875473 :
|c $65.00 (est.)
|
| 035 |
|
|
|a (OCoLC)14904784
|
| 035 |
|
|
|9 AAA4197AM
|
| 040 |
|
|
|a DNLM/DLC
|c DLC
|d m/c
|d TXA
|d UtOrBLW
|
| 049 |
|
|
|a TXAM
|c [A12623104]
|
| 050 |
0 |
0 |
|a QD96.X2
|b X195 1988
|
| 060 |
|
0 |
|a WN 100 X1
|
| 082 |
0 |
|
|a 543/.08586
|2 19
|
| 245 |
0 |
0 |
|a X-ray absorption :
|b principles, applications, techniques of EXAFS, SEXAFS, and XANES /
|c edited by D.C. Koningsberger and R. Prins.
|
| 264 |
|
1 |
|a New York :
|b Wiley,
|c [1988]
|
| 264 |
|
4 |
|c ©1988
|
| 300 |
|
|
|a xii, 673 pages :
|b illustrations
|
| 336 |
|
|
|a text
|b txt
|2 rdacontent
|
| 337 |
|
|
|a unmediated
|b n
|2 rdamedia
|
| 338 |
|
|
|a volume
|b nc
|2 rdacarrier
|
| 490 |
1 |
|
|a Chemical analysis ;
|v v. 92
|
| 500 |
|
|
|a "A Wiley-Interscience publication."
|
| 504 |
|
|
|a Includes bibliography and index.
|
| 650 |
|
0 |
|a Extended X-ray absorption fine structure.
|
| 650 |
|
0 |
|a X-ray absorption near edge structure.
|
| 650 |
|
0 |
|a Surface extended X-ray absorption fine structure.
|
| 700 |
1 |
|
|a Koningsberger, D. C.
|
| 700 |
1 |
|
|a Prins, Roelof.
|
| 830 |
|
0 |
|a Chemical analysis ;
|v v. 92.
|
| 999 |
|
|
|a MARS
|
| 999 |
f |
f |
|s e5d69402-d1b7-36cd-8237-9eff17b15945
|i d601f40c-fe48-30ab-b6ab-c15c1e72ab9c
|t 0
|
| 952 |
f |
f |
|p normal
|a Texas A&M University
|b College Station
|c Sterling C. Evans Library
|d Evans: Library Stacks
|t 0
|e QD96.X2 X195 1988
|h Library of Congress classification
|i unmediated -- volume
|m A14812623104
|
| 998 |
f |
f |
|a QD96.X2 X195 1988
|t 0
|l Evans: Library Stacks
|